<?xml version="1.0" encoding="UTF-8"?>
<collection xmlns="http://www.loc.gov/MARC21/slim">
  <record>
    <leader>00000nam  2200000   4500</leader>
    <controlfield tag="001">INLIS000000000014644</controlfield>
    <controlfield tag="005">20220925101817</controlfield>
    <datafield tag="035" ind1="#" ind2="#">
      <subfield code="a">0010-0922001406</subfield>
    </datafield>
    <controlfield tag="001">INLIS000000000014640</controlfield>
    <controlfield tag="005">20220925095121</controlfield>
    <datafield tag="035" ind1="#" ind2="#">
      <subfield code="a">0010-0922001405</subfield>
    </datafield>
    <datafield tag="035" ind1="#" ind2="#">
      <subfield code="a">0010-0922001404</subfield>
    </datafield>
    <datafield tag="035" ind1="#" ind2="#">
      <subfield code="a">0010-0922001403</subfield>
    </datafield>
    <datafield tag="035" ind1="#" ind2="#">
      <subfield code="a">0010-0922001402</subfield>
    </datafield>
    <datafield tag="245" ind1="1" ind2="#">
      <subfield code="a">PENGAWASAN DAMPAK PENGELOLAAN LINGKUNGAN HIDUP PADA PELAKU USAHA SECARA ELEKTRONIK (WASPADALAH PELACAK )  DINAS LINGKUNGAN HIDUP KABUPATEN KUTAI TIMUR /</subfield>
      <subfield code="c">Hj. Nurrahmi Asmalia, S.E., M.M</subfield>
    </datafield>
    <datafield tag="100" ind1="1" ind2="#">
      <subfield code="a">ASMALIA, Nurrahmi</subfield>
    </datafield>
    <datafield tag="250" ind1="#" ind2="#">
      <subfield code="a">1</subfield>
    </datafield>
    <datafield tag="300" ind1="#" ind2="#">
      <subfield code="a">xiii, 63 halaman ; lampiran :</subfield>
      <subfield code="b">ilustrasi ;</subfield>
      <subfield code="c">30 cm</subfield>
    </datafield>
    <datafield tag="260" ind1="#" ind2="#">
      <subfield code="a">Samarinda :</subfield>
      <subfield code="b">Puslatbang KDOD,</subfield>
      <subfield code="c">2021</subfield>
    </datafield>
    <datafield tag="084" ind1="#" ind2="#">
      <subfield code="a">PKA 105 2021</subfield>
    </datafield>
    <datafield tag="650" ind1="#" ind2="4">
      <subfield code="a">Proyek Perubahan</subfield>
    </datafield>
    <datafield tag="650" ind1="#" ind2="4">
      <subfield code="a">Administrator</subfield>
    </datafield>
    <datafield tag="650" ind1="#" ind2="4">
      <subfield code="a">sistem informasi</subfield>
    </datafield>
    <datafield tag="650" ind1="#" ind2="4">
      <subfield code="a">teknologi informasi</subfield>
    </datafield>
    <datafield tag="650" ind1="#" ind2="4">
      <subfield code="a">layanan informasi</subfield>
    </datafield>
    <datafield tag="650" ind1="#" ind2="4">
      <subfield code="a">kinerja organisasi</subfield>
    </datafield>
    <datafield tag="650" ind1="#" ind2="4">
      <subfield code="a">laporan pertanggung jawaban</subfield>
    </datafield>
    <datafield tag="650" ind1="#" ind2="4">
      <subfield code="a">pengawasan kinerja</subfield>
    </datafield>
    <datafield tag="520" ind1="#" ind2="#">
      <subfield code="a">Laporan proyek perubahan ini menjelaskan belum adanya sistem aplikasi sebagai penunjang proses pengawasan hingga penerbitan dokumen sanksi administratif dan atau pencabutan sanksi administratif sehingga proses menjadi sangat lambat, hal ini menjadi penilaian buruk bagi bidang Penaatan dan Pengembangan Kapasitas Lingkungan dan menjadi penghambat Pelaku Usaha dalam menjalankan kegiatannya. Inovasi Pengawasan Dampak Pengelolaan Lingkungan Hidup pada Pelaku Usaha Secara Elektronik (WASPADALAH PELACAK) melakukan pengawasan dimana setiap pelaporannya menggunakan aplikasi yang memuat semua indicator pengawasan sehingga menghasilkan suatu produk penataan lingkungan dapat berupa sanksi administratif.</subfield>
    </datafield>
    <datafield tag="500" ind1="#" ind2="#">
      <subfield code="a">Coach : Ika Retna Ningrum&#13;
Penguji : Windra Mariani&#13;
Mentor : Aji Wijaya Effendie</subfield>
    </datafield>
    <datafield tag="990" ind1="#" ind2="#">
      <subfield code="a">PKA/105/2021</subfield>
    </datafield>
  </record>
</collection>
